Loading...
| Science - Chemistry | 0 | 7 | 0 | 0 | 70 | 27 | 76.14 | 1 | 3 | 22.62 | 46.97 |
| Science - Other | 0 | 6 | 0 | 0 | 60 | 57 | 78.83 | 1 | 3 | 21.35 | 34.39 |
| Science - Physics | 0 | 5 | 1 | 1 | 45 | 24 | 68.20 | 2 | 3 | 21.17 | 34.92 |
| Popular Culture | 0 | 2 | 0 | 1 | 20 | 111 | 124.50 | 0 | 0 | 7.95 | 54.17 |
| Religion | 0 | 2 | 0 | 1 | 20 | 125 | 125.00 | 0 | 0 | 0.00 | 6.67 |
| Science - Biology | 0 | 2 | 0 | 0 | 20 | 76 | 82.00 | 0 | 2 | 5.67 | 14.17 |
| Social Science | 0 | 1 | 0 | 1 | 10 | 121 | 121.00 | 0 | 0 | 0.00 | 3.33 |
| History - World | 0 | 1 | 0 | 0 | 10 | 73 | 73.00 | 0 | 1 | 4.47 | 8.33 |
| Literature - American | 0 | 1 | 0 | 0 | 10 | 133 | 133.00 | 0 | 0 | 0.63 | 4.17 |
| Literature - British | 0 | 1 | 0 | 0 | 10 | 111 | 111.00 | 0 | 0 | 1.72 | 4.17 |
| Literature - World | 0 | 1 | 0 | 1 | 10 | 140 | 140.00 | 0 | 0 | 0.00 | 3.33 |
| Other Academic | 0 | 1 | 0 | 0 | 10 | 115 | 115.00 | 0 | 0 | 0.64 | 13.64 |
| Fine Arts - Painting and Sculpture | 0 | 1 | 0 | 0 | 10 | 113 | 113.00 | 0 | 0 | 0.50 | 1.67 |
| Philosophy | 0 | 0 | 0 | 0 | 0 | 0.00 | 0 | 0 | 0.00 | 0.00 |